|
|
|
|
| LEADER |
00000nam0a2200000 4500 |
| 001 |
252426 |
| 005 |
20231031213925.0 |
| 035 |
|
|
|a (RuTPU)RU\TPU\book\274766
|
| 090 |
|
|
|a 252426
|
| 100 |
|
|
|a 20140303d1965 k y0rusy50 ca
|
| 101 |
0 |
|
|a rus
|
| 102 |
|
|
|a RU
|
| 105 |
|
|
|a a z 101zy
|
| 200 |
1 |
|
|a Новый способ отыскания корней уравнения третьей степени
|e материалы к научно-технической конференции по энергетике
|f В. М. Булатов
|g Новосибирский областной Совет научно-технических обществ
|
| 210 |
|
|
|a Новосибирск
|d 1965
|
| 215 |
|
|
|a 18 с.
|c ил.
|
| 320 |
|
|
|a Библиогр. в конце статей
|
| 333 |
|
|
|a Исключено из фонда НТБ ТПУ
|
| 675 |
|
|
|a 512
|v 3
|
| 700 |
|
1 |
|a Булатов
|b В. М.
|
| 712 |
1 |
2 |
|a Новосибирский областной Совет научно-технических обществ
|
| 712 |
1 |
2 |
|a Новый способ отыскания корней уравнения третьей степени
|c конференция
|e Новосибирск
|f [1965]
|
| 801 |
|
1 |
|a RU
|b 63413507
|c 20140303
|
| 801 |
|
2 |
|a RU
|b 63413507
|c 20220519
|g RCR
|
| 942 |
|
|
|c BK
|